000 00303nam a2200133Ia 4500
008 240624s9999 xx 000 0 und d
041 _aeng
082 _a828 HAN
100 _aHANDY CHARLES
245 _aNEW ALCHEMISTS
260 _c2004
_aLondon
_bHutchinson
300 _a238 : p.
365 _cGBP
_b30
999 _c25356
_d25356